Países Productores de los más Aguacates - Estadísticas

Estadísticas generales
  • Esta prueba ha sido intentada 90 veces
  • La puntuación promedio es 12 de 20
Estadísticas de respuestas
1000
toneladas
país % Correcto
2030 México
99%
213 Brasil
98%
133 Estados Unidos
95%
314 Colombia
94%
467 Perú
91%
134 Venezuela
91%
124 China
85%
134 Chile
84%
93 España
80%
126 Guatemala
73%
363 Indonesia
68%
63 Sudáfrica
54%
66 Rep Dem Congo
51%
638 República Dominicana
46%
98 Haití
35%
194 Kenia
33%
71 Camerún
30%
57 Etiopía
21%
110 Israel
14%
97 Malaui
5%
No se encontraron pruebas coincidentes
Distribución de puntuación
Porcentaje de gente con cada puntuación
Porcentaje por número respondido
Historial de tus puntuaciones
No has intentado esta prueba.